000 00719nam a2200253 a 4500
008
020 _a0471553808 (hbk.)
049 _aMAIN
090 _aQA401
_bKRE
100 1 _aKreyszig, Erwin.
245 1 0 _aAdvanced engineering mathematics /
_cErwin Kreyszig.
250 _a7th ed.
260 _aNew York :
_bWiley,
_cc1988.
300 _axvii, 1271 p. :
_bill. ;
_c27 cm.
504 _aIncludes bibliographical references.
500 _aIncludes index.
650 0 _aMathematical physics.
650 0 _aEngineering mathematics.
907 _a.b10247750
_b03-09-15
_c02-07-07
003
005 20230123122146.0
040 _cNUST
942 _cBOOKS
_kQA401
_mKRE
999 _c128807
_d128807